| 000 | 00828nam a22002297a 4500 | ||
|---|---|---|---|
| 999 |
_c18283 _d18283 |
||
| 001 | 2332409 | ||
| 003 | OSt | ||
| 005 | 20200310105547.0 | ||
| 008 | 160715b xxu||||| |||| 00| 0 eng d | ||
| 010 | _a 82010391 | ||
| 020 | _a0684177692 : | ||
| 040 |
_aMMU _cMMU _dMMU19 _beng |
||
| 050 | 0 | 0 |
_aPZ7.C139 _b1982 |
| 100 | 1 | _aCalvert, Patricia. | |
| 245 | 1 | 4 |
_aThe stone pony / _cPatricia Calvert. |
| 260 |
_aNew York : _bScribner, _cc1982. |
||
| 300 |
_a166 p. ; _c22 cm. |
||
| 520 | _aFollowing the death of her multi-talented and beautiful older sister, JoBeth tries to bury her feelings of resentment and guilt by absorbing herself in the study of a stone pony from ancient Persia recently acquired by the local museum. | ||
| 650 | 1 | _aDeath | |
| 906 |
_a7 _bcbc _corignew _d1 _eocip _f19 _gy-gencatlg |
||
| 942 |
_2lcc _cLOAN LOAN |
||